000 00556nam a22001817a 4500
005 20260428141801.0
008 260428b |||||||| |||| 00| 0 eng d
040 _aRTL
_cRTL
084 _aY9(X:8) L0/TD3
_qRTL
100 _aGrusky, Oscar
245 _aSociology of Organizations: Basic studies
260 _aNew york
_bFree Press
_c1970
300 _aX, 592 p.
_bIncludes bibliographical references and index
700 _aMiller, George A.
_91235890
942 _2CC
_cTB
_hY9(X:8) L0/TD3
_n0
999 _c1848599
_d1848599